Revolúcia pokračuje päť desaťročí s Fidelom

Politický vývoj Kuby - od jednej nadvlády k druhej. Castrovo víťazné ťaženie. Castrov pokrokový národný a sociálny program vyvolal nepriateľskú reakciu amerických podnikateľských kruhov - hospodárske sankcie a ekonomické embargo. Zblíženie Kuby so Sovietskym zväzom. Situácia dnes - medzi Kubou a EÚ...

Celý popis

Uložené v:
Podrobná bibliografia
Hlavný autor: Greguš, Peter
Médium: Kapitola
Jazyk:Slovak
Predmet:
Tagy: Pridať tag
Žiadne tagy, Buďte prvý, kto otaguje tento záznam!

MARC

LEADER 00000naa$a2200000$$$4500
001 0090511
005 20240502072018.8
041 0 |a slo 
044 |a SK 
245 1 0 |a Revolúcia pokračuje  |b päť desaťročí s Fidelom  |c Peter Greguš 
520 |a Politický vývoj Kuby - od jednej nadvlády k druhej. Castrovo víťazné ťaženie. Castrov pokrokový národný a sociálny program vyvolal nepriateľskú reakciu amerických podnikateľských kruhov - hospodárske sankcie a ekonomické embargo. Zblíženie Kuby so Sovietskym zväzom. Situácia dnes - medzi Kubou a EÚ sa rozvíjajú rozsiahle ekonomické styky. 
610 2 0 |a Kuba 
610 2 0 |a vývoj politický 
610 2 0 |a vývoj hospodársky 
610 2 0 |a vzťahy politické medzinárodné 
100 1 |a Greguš, Peter